| 000 | 00754nam a2200169 a 4500 | ||
|---|---|---|---|
| 001 | 000041042 | ||
| 005 | 20201002034556.0 | ||
| 008 | 130913s1985 sp ac 000 0 spa d | ||
| 040 |
_aDO-SdBNP _bspa _cBNPHU |
||
| 082 |
_axxx _bxxxx |
||
| 100 | 1 |
_aMarías, Fernando _92813 |
|
| 245 | 1 | 3 |
_aLa arquitectura del renacimiento en Toledo (1541-1631). / _cFernando Marías. |
| 260 |
_aMadrid : _bInstituto provincial de investigaciones y estudios Toledanos, _c1985. |
||
| 300 |
_av : _bil, retr. ; _c24 cm. |
||
| 490 | 1 |
_aPublicaciones del instituto provincial de investigaciones y estudios toledanos, serie primera, monografías _v10 |
|
| 830 | 0 |
_aPublicaciones del instituto provincial de investigaciones y estudios toledanos, serie primera, monografías _v10 _967535 |
|
| 999 |
_c40532 _d40532 |
||